[Event "Bengaluru Karnataka op"]
[Site "Bengaluru"]
[Date "2018.04.18"]
[Round "9"]
[White "Shreyash, A Kulkarni"]
[Black "Arvind, Shastry"]
[Result "0-1"]
[WhiteElo "1605"]
[BlackElo "2175"]
[PlyCount "60"]
[EventDate "2018.04.14"]
[EventType "swiss"]
[EventRounds "10"]
[EventCountry "IND"]
[SourceTitle "CBM 184 Extra"]
[Source "ChessBase"]
[SourceDate "2018.06.28"]
[SourceVersion "1"]
[SourceVersionDate "2018.06.28"]
[SourceQuality "1"]

1. e4 c5 2. c3 d5 3. exd5 Qxd5 4. d4 Nf6 5. Nf3 Bg4 6. dxc5 Qxc5 7. Be3 Qc7 8. Na3 a6 9. Nc4 Nbd7 10. a4 e6 11. a5 Bc5 12. Bd3 0-0 13. 0-0 e5 14. Be2 Rad8 15. Qc2 Be6 16. Nfd2 h6 17. b4 Be7 18. Rfc1 Nd5 19. Rab1 f5 20. f3 Nxe3 21. Nxe3 Bg5 22. Nef1 Nf6 23. c4 e4 24. g3 Bxd2 25. Nxd2 f4 26. Kg2 Qd7 27. Nf1 Bh3+ 28. Kh1 Qd4 29. c5 Kh8 30. Bc4 exf3 0-1

[Event "Bengaluru Karnataka op"]
[Site "Bengaluru"]
[Date "2018.04.15"]
[Round "3"]
[White "Gangadhar, T."]
[Black "Arvind, Shastry"]
[Result "0-1"]
[WhiteElo "1347"]
[BlackElo "2175"]
[PlyCount "58"]
[EventDate "2018.04.14"]
[EventType "swiss"]
[EventRounds "10"]
[EventCountry "IND"]
[SourceTitle "CBM 184 Extra"]
[Source "ChessBase"]
[SourceDate "2018.06.28"]
[SourceVersion "1"]
[SourceVersionDate "2018.06.28"]
[SourceQuality "1"]

1. e4 c5 2. Nf3 d6 3. d4 cxd4 4. Nxd4 Nf6 5. Nc3 g6 6. Bb5+ Bd7 7. Bxd7+ Nbxd7 8. Be3 Bg7 9. Qd2 Ng4 10. 0-0-0 Nxe3 11. Qxe3 0-0 12. f4 Rc8 13. g4 Nb6 14. Rd3 Nc4 15. Qg1 Qa5 16. Nb3 Qa6 17. a3 Nxa3 18. e5 Nc4 19. exd6 exd6 20. Qg2 Nxb2 21. Kxb2 Rxc3 22. Rxc3 Rc8 23. Kc1 Rxc3 24. Kd1 Qc6 25. Qxc6 Rxc6 26. Rf1 b6 27. f5 Be5 28. fxg6 hxg6 29. h3 a5 0-1

[Event "Mumbai Mayors Cup 10th"]
[Site "Mumbai"]
[Date "2017.06.07"]
[Round "6"]
[White "Rathanvel, VS."]
[Black "Arvind, Shastry"]
[Result "1-0"]
[WhiteElo "2361"]
[BlackElo "2190"]
[PlyCount "87"]
[EventDate "2017.06.04"]
[EventType "swiss"]
[EventRounds "10"]
[EventCountry "IND"]
[SourceTitle "CBM 178 Extra"]
[Source "ChessBase"]
[SourceDate "2017.06.22"]
[SourceVersion "1"]
[SourceVersionDate "2017.06.22"]
[SourceQuality "1"]

1. e4 e6 2. d4 d5 3. Nc3 Bb4 4. e5 c5 5. a3 Bxc3+ 6. bxc3 Qc7 7. Qg4 Ne7 8. Qxg7 Rg8 9. Qxh7 cxd4 10. Ne2 Nbc6 11. f4 dxc3 12. Qd3 d4 13. Nxd4 Nxd4 14. Qxd4 Bd7 15. Rg1 Nf5 16. Qf2 Qc6 17. Bd3 Qd5 18. Be3 Nxe3 19. Qxe3 Rxg2 20. Rxg2 Qxg2 21. Be4 Qxh2 22. 0-0-0 Bc6 23. Bxc6+ bxc6 24. Qc5 Qg2 25. Qxc3 Rd8 26. Rxd8+ Kxd8 27. Qd4+ Ke8 28. Qxa7 Qf1+ 29. Kb2 Qb5+ 30. Kc3 c5 31. Qa8+ Ke7 32. Qe4 Qa5+ 33. Kb2 Qb5+ 34. Ka2 f5 35. exf6+ Kxf6 36. a4 Qa5 37. Qc4 Qc7 38. Qb5 c4 39. a5 Qxf4 40. a6 Qd4 41. Qa4 Qd5 42. a7 c3+ 43. Ka3 Qb7 44. Qf4+ 1-0

[Event "New Delhi Parsvnath op 13th"]
[Site "New Delhi"]
[Date "2015.01.16"]
[Round "10"]
[White "Arvind, Shastry"]
[Black "Cruz, Jonathan"]
[Result "0-1"]
[WhiteElo "2261"]
[BlackElo "2454"]
[PlyCount "80"]
[EventDate "2015.01.09"]
[EventType "tourn"]
[EventRounds "10"]
[EventCountry "IND"]
[SourceTitle "CBM 164 Extra"]
[Source "ChessBase"]
[SourceDate "2015.03.02"]
[SourceVersion "1"]
[SourceVersionDate "2015.03.02"]
[SourceQuality "1"]

1. d4 Nf6 2. Nf3 g6 3. c4 Bg7 4. Nc3 0-0 5. e4 d6 6. Be2 c5 7. 0-0 Bd7 8. d5 Ne8 9. Bf4 Qa5 10. e5 Bg4 11. Bg5 f6 12. exf6 exf6 13. Bd2 Nd7 14. Ng5 fxg5 15. Bxg4 Ne5 16. Ne4 Qa6 17. Be6+ Kh8 18. Nxg5 Qxc4 19. b3 Qd4 20. Be3 Qxd1 21. Raxd1 Bh6 22. Rfe1 Nf6 23. Bxc5 Bxg5 24. Bxd6 Nf7 25. Bxf8 Rxf8 26. Bxf7 Rxf7 27. d6 Kg7 28. g3 Nd7 29. f4 Bd8 30. Re8 Bb6+ 31. Kg2 Bc5 32. h4 Nf6 33. Rc8 Bb6 34. Re1 h5 35. Re7 Rxe7 36. dxe7 Kf7 37. Rb8 Kxe7 38. Rxb7+ Nd7 39. a4 a5 40. b4 axb4 0-1

[Event "New Delhi Parsvnath op 13th"]
[Site "New Delhi"]
[Date "2015.01.13"]
[Round "7"]
[White "Kumar, Gaurav"]
[Black "Arvind, Shastry"]
[Result "1/2-1/2"]
[WhiteElo "1986"]
[BlackElo "2261"]
[PlyCount "131"]
[EventDate "2015.01.09"]
[EventType "tourn"]
[EventRounds "10"]
[EventCountry "IND"]
[SourceTitle "CBM 164 Extra"]
[Source "ChessBase"]
[SourceDate "2015.03.02"]
[SourceVersion "1"]
[SourceVersionDate "2015.03.02"]
[SourceQuality "1"]

1. e4 c5 2. Nf3 d6 3. d4 cxd4 4. Nxd4 Nf6 5. Nc3 g6 6. Be3 Bg7 7. f3 0-0 8. Qd2 Nc6 9. Bc4 Bd7 10. 0-0-0 Qa5 11. Bb3 Rfc8 12. Kb1 Ne5 13. h4 b5 14. g4 b4 15. Nd5 Nxd5 16. Bxd5 Nc4 17. Bxc4 Rxc4 18. h5 Rac8 19. hxg6 hxg6 20. Qh2 e5 21. Qh7+ Kf8 22. Bh6 exd4 23. Qxg7+ Ke7 24. Rh5 R4c5 25. Qxd4 R8c6 26. Rxc5 Qxc5 27. Qxc5 dxc5 28. e5 Kd8 29. Bf8 Kc7 30. Rd5 Be6 31. Rxc5 Rxc5 32. Bxc5 a5 33. b3 Bd5 34. f4 Be6 35. g5 Kc6 36. Be7 Kb5 37. Kc1 Bf5 38. a4+ Ka6 39. Bd8 Be4 40. Kd2 Bf5 41. c3 bxc3+ 42. Kxc3 Be6 43. b4 axb4+ 44. Kxb4 Ba2 45. Kc5 Bb3 46. a5 Ba2 47. Kd6 Bb3 48. Ke7 Ba2 49. Kf6 Bb3 50. Bc7 Ba2 51. Bb6 Bb3 52. Bd8 Ba2 53. f5 gxf5 54. Kxf5 Bb3 55. Kf6 Ba2 56. g6 fxg6 57. Kxg6 Kb7 58. Kf6 Ka8 59. Ke7 Bb3 60. Kd6 Ba2 61. e6 Bxe6 62. Kxe6 Kb7 63. Kd7 Ka8 64. Kc8 Ka7 65. Bc7 Ka8 66. Bb8 1/2-1/2

[Event "New Delhi Parsvnath op 13th"]
[Site "New Delhi"]
[Date "2015.01.10"]
[Round "2"]
[White "Arvind, Shastry"]
[Black "Rishi, Thariani"]
[Result "1-0"]
[WhiteElo "2261"]
[BlackElo "2027"]
[PlyCount "22"]
[EventDate "2015.01.09"]
[EventType "tourn"]
[EventRounds "10"]
[EventCountry "IND"]
[SourceTitle "CBM 164 Extra"]
[Source "ChessBase"]
[SourceDate "2015.03.02"]
[SourceVersion "1"]
[SourceVersionDate "2015.03.02"]
[SourceQuality "1"]

1. d4 d5 2. Nf3 e6 3. c4 Nf6 4. Nc3 Be7 5. Bf4 0-0 6. e3 Nbd7 7. Be2 c6 8. 0-0 b5 9. Qc2 Nh5 10. Be5 f6 11. cxd5 exd5 1-0

[Event "New Delhi Parsvnath op 13th"]
[Site "New Delhi"]
[Date "2015.01.10"]
[Round "3"]
[White "Harini, S."]
[Black "Arvind, Shastry"]
[Result "1/2-1/2"]
[WhiteElo "2046"]
[BlackElo "2261"]
[PlyCount "93"]
[EventDate "2015.01.09"]
[EventType "tourn"]
[EventRounds "10"]
[EventCountry "IND"]
[SourceTitle "CBM 164 Extra"]
[Source "ChessBase"]
[SourceDate "2015.03.02"]
[SourceVersion "1"]
[SourceVersionDate "2015.03.02"]
[SourceQuality "1"]

1. e4 c6 2. d4 d5 3. exd5 cxd5 4. c4 Nf6 5. Nc3 Be6 6. Bg5 dxc4 7. Bxf6 exf6 8. d5 Bf5 9. Bxc4 Bd6 10. Nf3 0-0 11. 0-0 Nd7 12. Nd4 Bg6 13. Ne6 fxe6 14. dxe6 Bxh2+ 15. Kh1 Kh8 16. Qxd7 Qxd7 17. exd7 Be5 18. Rad1 Rad8 19. Be6 Bf7 20. Bg4 Bxc3 21. bxc3 Bxa2 22. Rd4 f5 23. Bf3 b5 24. Ra1 Bc4 25. Rxa7 g6 26. Bc6 Kg7 27. Rb7 Rf7 28. f4 Kf6 29. Rb6 Ke7 30. Rd1 Rf6 31. Re1+ Re6 32. Rxe6+ Bxe6 33. Bxb5 Bxd7 34. Rb7 Kd6 35. Bxd7 Rxd7 36. Rxd7+ Kxd7 37. Kg1 Kc6 38. Kf2 Kd5 39. Ke3 Kc4 40. Kd2 h6 41. g3 g5 42. fxg5 hxg5 43. Kc2 f4 44. gxf4 gxf4 45. Kd2 f3 46. Ke3 Kxc3 47. Kxf3 1/2-1/2

[Event "IND-ch Challengers 50th"]
[Site "Tirupati"]
[Date "2012.05.23"]
[Round "8.12"]
[White "Arvind, Shastry"]
[Black "Suvrajit, Saha"]
[Result "1/2-1/2"]
[WhiteElo "2273"]
[BlackElo "2365"]
[PlyCount "84"]
[EventDate "2012.05.18"]
[EventType "swiss"]
[EventRounds "13"]
[EventCountry "IND"]
[SourceTitle "CBM 148 Extra"]
[Source "ChessBase"]
[SourceDate "2012.06.22"]
[SourceVersion "1"]
[SourceVersionDate "2012.06.22"]
[SourceQuality "1"]

1. d4 c5 2. d5 e5 3. e4 d6 4. Nc3 Be7 5. f4 exf4 6. Bxf4 Nd7 7. Nf3 Ngf6 8. Be2 0-0 9. 0-0 Ne8 10. Qd2 Bf6 11. Rae1 Qe7 12. Bb5 Ne5 13. Nxe5 Bxe5 14. Bxe8 Rxe8 15. Nb5 a6 16. Bxe5 axb5 17. Bg3 f6 18. a3 Bd7 19. Qf4 Ra6 20. h4 Qe5 21. c3 Qxf4 22. Bxf4 Bg4 23. Kh2 Bh5 24. Re3 Bg6 25. Rfe1 h5 26. Kg3 Kf7 27. Kf3 Ke7 28. Kf2 Kf7 29. Kf3 Re7 30. R3e2 Ke8 31. g3 Kd7 32. Bc1 c4 33. Bf4 Ra8 34. Rd1 Rae8 35. Rd4 f5 36. a4 Rxe4 37. Rexe4 fxe4+ 38. Ke3 Rc8 39. axb5 Rc5 40. b6 Bf5 41. Bg5 g6 42. Bf4 Ke7 1/2-1/2

[Event "Bhubaneswar op 3rd"]
[Site "Bhubaneswar"]
[Date "2011.06.05"]
[Round "10"]
[White "Karthikeyan, Pandian"]
[Black "Arvind, Shastry"]
[Result "1-0"]
[WhiteElo "2379"]
[BlackElo "2295"]
[PlyCount "72"]
[EventDate "2011.05.28"]
[EventType "swiss"]
[EventRounds "11"]
[EventCountry "IND"]
[SourceTitle "CBM 142 Extra"]
[Source "ChessBase"]
[SourceDate "2011.06.27"]
[SourceVersion "1"]
[SourceVersionDate "2011.06.27"]
[SourceQuality "1"]

1. d4 d5 2. c4 c6 3. Nf3 Nf6 4. Nc3 e6 5. Bg5 Nbd7 6. e3 Qa5 7. cxd5 Nxd5 8. Qd2 Bb4 9. Rc1 c5 10. a3 Bxc3 11. bxc3 Qxa3 12. Bd3 h6 13. e4 N5f6 14. Bf4 c4 15. Bb1 Qe7 16. h3 b5 17. 0-0 Bb7 18. Rfe1 Rc8 19. Rcd1 a5 20. d5 e5 21. d6 Qe6 22. Nxe5 Nxe5 23. Bxe5 0-0 24. Bxf6 Qxf6 25. e5 Qe6 26. f4 f5 27. d7 Rcd8 28. Qd6 Kf7 29. Bxf5 Qxd6 30. Rxd6 Ke7 31. g4 Rb8 32. Red1 b4 33. Re6+ Kd8 34. Bg6 Kc7 35. Re8 Rd8 36. e6 Bc6 1-0

[Event "Bhubaneswar op 3rd"]
[Site "Bhubaneswar"]
[Date "2011.06.04"]
[Round "9"]
[White "Arvind, Shastry"]
[Black "Swapnil, S Dhopade"]
[Result "1/2-1/2"]
[WhiteElo "2295"]
[BlackElo "2425"]
[PlyCount "100"]
[EventDate "2011.05.28"]
[EventType "swiss"]
[EventRounds "11"]
[EventCountry "IND"]
[SourceTitle "CBM 142 Extra"]
[Source "ChessBase"]
[SourceDate "2011.06.27"]
[SourceVersion "1"]
[SourceVersionDate "2011.06.27"]
[SourceQuality "1"]

1. d4 Nf6 2. Nf3 e6 3. c4 c5 4. d5 exd5 5. cxd5 d6 6. Nc3 g6 7. Bf4 a6 8. a4 Bg7 9. e3 0-0 10. Be2 Bg4 11. 0-0 Qe7 12. Ra3 Nbd7 13. Re1 Rab8 14. Rb3 Bxf3 15. Bxf3 Ne8 16. Be2 Nc7 17. Bf1 b6 18. e4 Bd4 19. Ne2 Bg7 20. Nc3 Ne5 21. Be3 b5 22. axb5 Nxb5 23. f4 Nxc3 24. bxc3 Rxb3 25. Qxb3 Ng4 26. Bf2 Qf6 27. g3 g5 28. e5 Qh6 29. h3 Nxf2 30. Kxf2 gxf4 31. exd6 fxg3+ 32. Kg2 Qxd6 33. c4 Be5 34. Qe3 f6 35. Bd3 Rb8 36. Re2 Rb7 37. Qf3 Kh8 38. Qg4 Rc7 39. Qf5 a5 40. Re4 Rg7 41. Qc8+ Rg8 42. Qf5 Rg7 43. Qc8+ Rg8 44. Qf5 Qc7 45. Rh4 Rg7 46. Bc2 Qd7 47. Qf3 Qb7 48. Qf5 Qd7 49. Qf3 Kg8 50. Qa3 Qc7 1/2-1/2

[Event "Asia Cities-ch 17th"]
[Site "Jakarta"]
[Date "2011.04.28"]
[Round "9.6"]
[White "Arvind, Shastry"]
[Black "Bajracharya, Sangha Ratna"]
[Result "1/2-1/2"]
[WhiteElo "2297"]
[BlackElo "1989"]
[PlyCount "114"]
[EventDate "2011.04.22"]
[EventType "team-swiss"]
[EventRounds "9"]
[EventCountry "INA"]
[SourceTitle "CBM 142 Extra"]
[Source "ChessBase"]
[SourceDate "2011.06.27"]
[SourceVersion "1"]
[SourceVersionDate "2011.06.27"]
[SourceQuality "1"]
[WhiteTeam "Bangalore"]
[BlackTeam "Kathmandu"]
[WhiteTeamCountry "IND"]
[BlackTeamCountry "NEP"]

1. d4 f5 2. Nc3 Nf6 3. Bg5 e6 4. e4 fxe4 5. Nxe4 Be7 6. Bxf6 Bxf6 7. Nf3 d6 8. Bd3 Nc6 9. c3 Bd7 10. Qb3 b6 11. 0-0 Qe7 12. Rfe1 0-0 13. d5 Nd8 14. dxe6 Bxe6 15. Qc2 g6 16. Nd4 Be5 17. g3 d5 18. Nxe6 Nxe6 19. Nd2 Bd6 20. Bxg6 Qf6 21. Bxh7+ Kh8 22. Re2 Bc5 23. Bf5 Qxf5 24. Qxf5 Rxf5 25. b4 Nf4 26. gxf4 Bd6 27. Kh1 Rxf4 28. Rg1 Raf8 29. f3 Rh4 30. Rg5 d4 31. cxd4 Bxb4 32. Rg4 Rh5 33. Kg2 Bxd2 34. Rxd2 Rhf5 35. Rd3 Rg8 36. Kg3 Rd5 37. Rc3 Rxd4 38. Rxg8+ Kxg8 39. Rxc7 Ra4 40. Rc2 Kf7 41. f4 Ra5 42. Kg4 Kf6 43. h4 Ra4 44. h5 b5 45. Rh2 Kg7 46. Kg5 b4 47. Rc2 Ra3 48. Rc7+ Kg8 49. Kg6 Ra6+ 50. Kg5 Rxa2 51. h6 b3 52. Rb7 Rg2+ 53. Kf5 b2 54. Ke5 a5 55. f5 a4 56. f6 Rf2 57. f7+ Kh8 1/2-1/2

[Event "IND-chA"]
[Site "Mumbai"]
[Date "2009.12.07"]
[Round "7"]
[White "Arvind, Shastry"]
[Black "Padmini, Rout"]
[Result "1/2-1/2"]
[WhiteElo "2302"]
[BlackElo "2333"]
[PlyCount "75"]
[EventDate "2009.12.01"]
[EventType "swiss"]
[EventRounds "13"]
[EventCountry "IND"]
[SourceTitle "CBM 133 Extra"]
[Source "ChessBase"]
[SourceDate "2010.01.05"]
[SourceVersion "1"]
[SourceVersionDate "2010.01.05"]
[SourceQuality "1"]

1. d4 d5 2. c4 e6 3. Nc3 c5 4. cxd5 exd5 5. Nf3 Nc6 6. g3 c4 7. Bg2 Bb4 8. 0-0 Nge7 9. Ne5 0-0 10. Nxc6 bxc6 11. e4 Bxc3 12. bxc3 dxe4 13. Bxe4 Nd5 14. Qc2 Bh3 15. Re1 f5 16. Bxd5+ Qxd5 17. f4 Rfe8 18. Ba3 Re4 19. Rxe4 fxe4 20. Re1 Re8 21. Bc1 h5 22. Be3 Re6 23. Rb1 h4 24. Kf2 Qh5 25. Qd1 Bg4 26. Qg1 Bf3 27. Rb4 hxg3+ 28. hxg3 a5 29. Rb8+ Kh7 30. Ke1 Qf5 31. Qf1 Qd5 32. Qh3+ Rh6 33. Qc8 Rh1+ 34. Kd2 Rh2+ 35. Kc1 Rh1+ 36. Kd2 Rh2+ 37. Kc1 Rh1+ 38. Kd2 1/2-1/2

[Event "IND-chA"]
[Site "Mumbai"]
[Date "2009.12.04"]
[Round "4"]
[White "Palit, Somak"]
[Black "Arvind, Shastry"]
[Result "1-0"]
[WhiteElo "2385"]
[BlackElo "2302"]
[PlyCount "63"]
[EventDate "2009.12.01"]
[EventType "swiss"]
[EventRounds "13"]
[EventCountry "IND"]
[SourceTitle "CBM 133 Extra"]
[Source "ChessBase"]
[SourceDate "2010.01.05"]
[SourceVersion "1"]
[SourceVersionDate "2010.01.05"]
[SourceQuality "1"]

1. e4 c5 2. b3 Nc6 3. Bb2 d6 4. f4 e6 5. Nf3 Nf6 6. Nc3 Be7 7. Bd3 0-0 8. 0-0 a6 9. e5 dxe5 10. fxe5 Nxe5 11. Nxe5 Qd4+ 12. Kh1 Qxe5 13. Na4 Qd6 14. Qe2 Rd8 15. Be5 Qc6 16. Nc3 Ra7 17. Bb8 Ra8 18. Be5 Ra7 19. Rf3 b5 20. Raf1 Rad7 21. Rg3 Kf8 22. Rxg7 Kxg7 23. Ne4 Rg8 24. Nxf6 Bxf6 25. Bxf6+ Kf8 26. Bxh7 Rg7 27. Bxg7+ Kxg7 28. Qg4+ Kxh7 29. Rf3 Qxf3 30. Qxf3 f5 31. Kg1 Kg7 32. Qc6 1-0

[Event "IND-ch"]
[Site "Mumbai"]
[Date "2003.01.30"]
[Round "19"]
[White "Prathamesh, Sunil Mokal"]
[Black "Arvind, Shastry"]
[Result "1/2-1/2"]
[WhiteElo "2366"]
[BlackElo "2330"]
[PlyCount "65"]
[EventDate "2003.01.18"]
[EventType "tourn"]
[EventRounds "21"]
[EventCountry "IND"]
[EventCategory "8"]
[SourceTitle "CBM 094"]
[Source "ChessBase"]
[SourceDate "2003.05.26"]
[SourceVersion "1"]
[SourceVersionDate "2003.05.26"]
[SourceQuality "1"]

1. e4 c6 2. d4 d5 3. exd5 cxd5 4. c4 Nf6 5. Nc3 Nc6 6. Nf3 Bg4 7. cxd5 Nxd5 8. Qb3 Bxf3 9. gxf3 Nb6 10. d5 Nd4 11. Qd1 e5 12. dxe6 Bc5 13. exf7+ Kxf7 14. Bd3 Re8+ 15. Be4 Qh4 16. Be3 Rad8 17. Bxd4 Rxd4 18. Qc2 Nd5 19. Rd1 Rxd1+ 20. Nxd1 Bb4+ 21. Nc3 Bxc3+ 22. bxc3 Nxc3 23. Qb3+ Kf8 24. Qb4+ Re7 25. Qxc3 Rxe4+ 26. fxe4 Qxe4+ 27. Kd2 Qxh1 28. Qc5+ Kf7 29. Qf5+ Ke7 30. Qe5+ Kf7 31. Qf5+ Ke8 32. Qe6+ Kf8 33. Qf5+ 1/2-1/2

[Event "IND-ch"]
[Site "Mumbai"]
[Date "2003.01.27"]
[Round "15"]
[White "Kunte, Abhijit"]
[Black "Arvind, Shastry"]
[Result "1/2-1/2"]
[WhiteElo "2507"]
[BlackElo "2330"]
[PlyCount "103"]
[EventDate "2003.01.18"]
[EventType "tourn"]
[EventRounds "21"]
[EventCountry "IND"]
[EventCategory "8"]
[SourceTitle "CBM 094"]
[Source "ChessBase"]
[SourceDate "2003.05.26"]
[SourceVersion "1"]
[SourceVersionDate "2003.05.26"]
[SourceQuality "1"]

1. Nf3 d5 2. c4 e6 3. g3 Nf6 4. Bg2 dxc4 5. Qa4+ c6 6. Qxc4 b5 7. Qc2 Bb7 8. d4 Nbd7 9. a4 a6 10. 0-0 c5 11. Bg5 Rc8 12. axb5 axb5 13. Bxf6 Nxf6 14. Qb3 Qb6 15. Nc3 b4 16. Na4 Qb5 17. Nxc5 Bxc5 18. dxc5 Qxc5 19. Ra4 Nd5 20. Ne5 Qc7 21. Nd3 0-0 22. Nxb4 Nxb4 23. Bxb7 Qxb7 24. Rxb4 Qa6 25. Qd3 Qxd3 26. exd3 Rb8 27. Rxb8 Rxb8 28. Rb1 Rb3 29. Kf1 Rxd3 30. b4 Rd7 31. Ke2 Kf8 32. Rd1 Rc7 33. Kd3 Ke7 34. Ra1 Kd6 35. Ra6+ Kd5 36. Ra5+ Kd6 37. Kd4 Rc2 38. Ra6+ Ke7 39. Ra7+ Kf6 40. b5 Rxf2 41. b6 Rxh2 42. Ra4 Rb2 43. Kc5 Ke7 44. Ra7+ Kf6 45. Ra5 Ke7 46. Rb5 Rc2+ 47. Kd4 Rd2+ 48. Kc5 Rc2+ 49. Kb4 Rb2+ 50. Kc4 Rc2+ 51. Kb4 Rc8 52. b7 1/2-1/2

[Event "IND-ch"]
[Site "Mumbai"]
[Date "2003.01.24"]
[Round "10"]
[White "Bakre, Tejas"]
[Black "Arvind, Shastry"]
[Result "1-0"]
[WhiteElo "2464"]
[BlackElo "2330"]
[PlyCount "121"]
[EventDate "2003.01.18"]
[EventType "tourn"]
[EventRounds "21"]
[EventCountry "IND"]
[EventCategory "8"]
[SourceTitle "CBM 094"]
[Source "ChessBase"]
[SourceDate "2003.05.26"]
[SourceVersion "1"]
[SourceVersionDate "2003.05.26"]
[SourceQuality "1"]

1. e4 c6 2. d4 d5 3. e5 Na6 4. a3 g6 5. h3 h5 6. Nf3 Nh6 7. Be2 Nf5 8. 0-0 Nc7 9. b3 Ne6 10. c3 Bh6 11. Bxh6 Nxh6 12. Qc1 Qb6 13. b4 a5 14. Rd1 Nf5 15. Nbd2 g5 16. Nf1 Nf4 17. Qd2 Rg8 18. Bd3 Nxd3 19. Qxd3 g4 20. hxg4 hxg4 21. Nh4 Nxh4 22. Qh7 Rf8 23. Qxh4 Be6 24. Rab1 a4 25. Qh7 0-0-0 26. Qd3 Qb5 27. Qxb5 cxb5 28. Ng3 Rh8 29. Kf1 Kd7 30. Ke2 Rc8 31. Rbc1 Rhf8 32. Nh5 f6 33. exf6 exf6 34. Ke3 Rh8 35. Rh1 Kd6 36. Kf4 Rc7 37. Ng3 Rhc8 38. Ne2 Rg7 39. Rh6 Ke7 40. Rch1 Bg8 41. R6h4 Be6 42. Rh7 Kf7 43. Rh8 Rc6 44. R1h7 Bc8 45. Rxg7+ Kxg7 46. Rd8 Re6 47. Ng3 Rc6 48. Rxd5 b6 49. Rd8 Rxc3 50. Ne4 Rc2 51. d5 Rc4 52. d6 Be6 53. Re8 f5 54. Rxe6 fxe4 55. Rxe4 Rc2 56. Rd4 Rxf2+ 57. Kxg4 Rf8 58. d7 Rd8 59. Kf5 Kf7 60. Ke5 Ke7 61. g4 1-0

[Event "IND-ch"]
[Site "Mumbai"]
[Date "2003.01.21"]
[Round "6"]
[White "Soman, Satchidanand"]
[Black "Arvind, Shastry"]
[Result "1-0"]
[WhiteElo "2364"]
[BlackElo "2330"]
[PlyCount "72"]
[EventDate "2003.01.18"]
[EventType "tourn"]
[EventRounds "21"]
[EventCountry "IND"]
[EventCategory "8"]
[SourceTitle "CBM 094"]
[Source "ChessBase"]
[SourceDate "2003.05.26"]
[SourceVersion "1"]
[SourceVersionDate "2003.05.26"]
[SourceQuality "1"]

1. d4 Nf6 2. Nf3 c5 3. e3 e6 4. Be2 b6 5. 0-0 Bb7 6. b3 Be7 7. Bb2 0-0 8. Nbd2 d6 9. Re1 Nbd7 10. Bd3 Qc7 11. a4 a6 12. Rc1 Rfe8 13. c4 Rad8 14. Bb1 Bf8 15. Ng5 d5 16. cxd5 exd5 17. Qc2 h6 18. Nh7 Ng4 19. Nf3 Be7 20. h3 Ngf6 21. dxc5 Ne4 22. c6 Bxc6 23. Qxc6 Qxc6 24. Rxc6 Kxh7 25. Rd1 Bc5 26. Rxd5 Ndf6 27. Rxd8 Rxd8 28. Bc2 Kg8 29. a5 Rb8 30. Be5 Rb7 31. b4 Bxb4 32. axb6 Kf8 33. Bd3 Ba5 34. Bc7 Bxb6 35. Bxb6 Rd7 36. Nd4 g6 1-0